<?xml version="1.0" encoding="UTF-8"?>
<collection xmlns="http://www.loc.gov/MARC21/slim">
 <record>
  <leader>00970pamaa2200157   4500</leader>
  <controlfield tag="001">0000023268</controlfield>
  <controlfield tag="005">20110107090000.0</controlfield>
  <datafield tag="020" ind1="0" ind2="0">
   <subfield code="a">[nil] </subfield>
  </datafield>
  <datafield tag="090" ind1="0" ind2="0">
   <subfield code="a">HG5750.6.A3 </subfield>
   <subfield code="b">CON 1999</subfield>
  </datafield>
  <datafield tag="245" ind1="0" ind2="0">
   <subfield code="a">Conference on year 2000 : </subfield>
   <subfield code="b">readiness of the Malaysian capital market  </subfield>
   <subfield code="c">organised by Securities Commission.</subfield>
  </datafield>
  <datafield tag="260" ind1="0" ind2="0">
   <subfield code="b">Kuala Lumpur, </subfield>
   <subfield code="c">1999.</subfield>
  </datafield>
  <datafield tag="300" ind1=" " ind2=" ">
   <subfield code="a">various pages (2cm thick).</subfield>
  </datafield>
  <datafield tag="500" ind1="0" ind2="0">
   <subfield code="a">Conference held on 12 April 1999 at Conference Hall, Securities Commission</subfield>
  </datafield>
  <datafield tag="500" ind1="0" ind2="0">
   <subfield code="a">Contents: Challenges facing financial markets in addressing the year 2000 problem, How ready is the capital market for the year 2000?, How ready is the capital market for the year 2000? an update by Bank Negara Malaysia, How ready is the capital market for the year 2000? panel discussion, Risk assessment and contingency planning, Information sharing and disclosure panel discussion, Information sharing and disclosure panel discussion</subfield>
  </datafield>
  <datafield tag="650" ind1="0" ind2="0">
   <subfield code="a">Capital market -- </subfield>
   <subfield code="z">Malaysia </subfield>
  </datafield>
  <datafield tag="650" ind1="0" ind2="0">
   <subfield code="a">Conference paper </subfield>
  </datafield>
 </record>
</collection>
